Aventures prodigieuses de Tartarin de Tarascon / (Record no. 106779)

MARC details
000 -LEADER
campo de control de longitud fija 00676nam a2200229 i 4500
001 - NÚMERO DE CONTROL
campo de control 106779
003 - IDENTIFICADOR DE NÚMERO DE CONTROL
campo de control ES-MaACL
005 - FECHA Y HORA DE LA ÚLTIMA TRANSACCIÓN
campo de control 20250917063044.0
007 - CAMPO FIJO DE DESCRIPCIÓN FÍSICA--INFORMACIÓN GENERAL
campo de control de longitud fija t|
008 - DATOS DE LONGITUD FIJA--INFORMACIÓN GENERAL
campo de control de longitud fija 061222s1997 fr ||||1| fre d
020 ## - NÚMERO INTERNACIONAL ESTÁNDAR DEL LIBRO
Número Internacional Estándar del Libro 2-277-30164-7
080 ## - NÚMERO DE LA CLASIFICACIÓN DECIMAL UNIVERSAL
Número de la Clasificación Decimal Universal 821.133.1-31"18"
100 1# - ENTRADA PRINCIPAL--NOMBRE DE PERSONA
Nombre de persona Daudet, Alphonse,
Fechas asociadas al nombre 1840-1897
9 (RLIN) 42799
245 10 - MENCIÓN DEL TÍTULO
Título Aventures prodigieuses de Tartarin de Tarascon /
Mención de responsabilidad, etc. Alphonse Daudet.
260 ## - PUBLICACIÓN, DISTRIBUCIÓN, ETC.
Lugar de publicación, distribución, etc. Paris :
Nombre del editor, distribuidor, etc. EJL,
Fecha de publicación, distribución, etc. [1997]
300 ## - DESCRIPCIÓN FÍSICA
Extensión 120 p. ;
Dimensiones 21 cm.
490 1# - MENCIÓN DE SERIE
Mención de serie Librio ;
Designación de volumen o secuencia 164
500 ## - NOTA GENERAL
Nota general Biblioteca Jacinto Martínez Lacalle.
830 0# - PUNTO DE ACCESO ADICIONAL DE SERIE-TÍTULO UNIFORME
Título uniforme Librio ;
Designación de volumen o secuencia 164
9 (RLIN) 185296
852 ## - LOCALIZACIÓN
Ubicación ES-MaACL
Número de control de estantería E-11459
Sublocalización o colección R.139488
Holdings
Estatus retirado Estado de pérdida Estado de daño No para préstamo Biblioteca de origen Biblioteca actual Ubicación en estantería Fecha de adquisición Fuente de adquisición Total de préstamos Signatura topográfica completa Código de barras Visto por última vez Precio de reemplazo Tipo de ítem Koha
        Biblioteca del Ateneo de Madrid Biblioteca del Ateneo de Madrid Depósito 2 17/01/2008     E-11459 1111457 23/02/2023 23/02/2023 Libro impreso